LEADER 01599nam a2200337 u 4500 001 000000075378 003 CaOOAMICUS 005 20070226123108.0 008 030625s2002 it cf u000 u ita u 020 $a88-343-0924-3 035 $a10965268 040 $aEFR$bita 100 1 $aCova, Alberto,$d1932-$0(OLS)http://pul/name/3259 245 10$aEconomia, lavoro e istituzioni nell'Italia del Novecento :$bscritti di storia economica /$cAlberto Cova. 260 $aMilano :$bV&P Università,$c2002. 300 $axxiv, 968 p., [1] f. de pl. :$bportr. en coul. ;$c23 cm 490 1 $aStoria.$aRicerche 500 $aRecueil d'articles en partie déjà parus. 500 $aBibliographie de A. Cova: p. [xiii]-xxiv. 504 $aRéférences bibliographiques en note. 650 0$aEconomic history$zItaly$y20th century.$2//eng$0(OLS)http://pul/subject/26320 651 0$aItaly$xEconomic conditions$y20th century.$2//eng$0(OLS)http://pul/subject/20687 830 0$aRicerche (Vita e Pensiero).$pStoria.$0(OLS)http://pul/title/174438 850 $aPUL 852 $aPUL$W1$xDP1 Cons. Gen., Altre Classi 1$y22$m389 C 23$j97021$nBK-PRI$qStampati$B97021$CPULBib$Z2$F97021 $HPUL92690 $82 941 1 $a8 983 0$aStoria.$pRicerche (Vita e pensiero) 983 0$aV & P. Storia. Ricerche. 996 $6020$a88-343-0924-3$9(OLS)http://pul/number/98300 996 $6245$aEconomia, lavoro e istituzioni nell'Italia del Novecento :$bscritti di storia economica$9(OLS)http://pul/title/98898 996 $6260$aMilano :$bV&P Università$9(OLS)http://pul/publisher/69887 LEADER 01420nam a2200265 a 4500 001 000000160165 003 CaOOAMICUS 005 20170411115540.0 008 170411s1966 it m 001 u eng r 032 $aLibriCat 040 $aPUL$bita 100 1 $aKerlin, Michel Joseph.$0(OLS)http://pul/name/102440 245 10$aHistorical religion in the thought of Friedrich von Hügel and George Tyrrell :$ba comparative study in the light of their general philosophy of religion /$cauctore Michel Joseph Kerlin, F.S.C. 260 $aRoma :$bPontificia Università Gregoriana,$c1966. 300 $a248 p. ;$c24 cm. 502 $aTesi -- Pontificia Universitas Gregoriana. Facultas philosophica. 1966. 504 $aBibliografia in nota. 600 14$aTyrrell, George,$d1861-1909.$0(OLS)http://pul/subject/22809 710 2 $aPontificia Università Gregoriana.$bFacoltà di filosofia.$kTesi.$0(OLS)http://pul/name/82053 850 $aPUL 852 $aPUL$W1$xDP1 Tesi Pon. Univ. Gregoriana$y40$mTH PUG 1737$j183765$qTesi$B186973$CPULBib$Z2$F186973 $H28293 $82 941 1 $a16 996 $6245$aHistorical religion in the thought of Friedrich von Hügel and George Tyrrell :$ba comparative study in the light of their general philosophy of religion$9(OLS)http://pul/title/199816 996 $6260$aRoma :$bPontificia Università Gregoriana$9(OLS)http://pul/publisher/47853